| Tag |
First Indicator |
Second Indicator |
Subfields |
| LEADER |
00000cam a2200000 a 4500 |
| 001 |
in00002781047 |
| 006 |
m d |
| 007 |
cr cn||||||||| |
| 008 |
120716s2012 enk ob 001 0 eng d |
| 005 |
20250816204851.5 |
| 020 |
|
|
|z 9781848135956
|
| 020 |
|
|
|z 9781848135963
|
| 020 |
|
|
|z 9781848135970 (e-book)
|
| 035 |
|
|
|a (CaPaEBR)ebr10578636
|
| 040 |
|
|
|a CaPaEBR
|c CaPaEBR
|d UtOrBLW
|
| 050 |
1 |
4 |
|a HM717
|b .F43 2012eb
|
| 100 |
1 |
|
|a Featherstone, David.
|
| 245 |
1 |
0 |
|a Solidarity :
|b hidden histories and geographies of internationalism /
|c David Featherstone.
|
| 264 |
|
1 |
|a London :
|b Zed Books,
|c 2012.
|
| 300 |
|
|
|a 1 online resource (xiii, 304 pages)
|
| 336 |
|
|
|a text
|b txt
|2 rdacontent
|
| 337 |
|
|
|a computer
|b c
|2 rdamedia
|
| 338 |
|
|
|a online resource
|b cr
|2 rdacarrier
|
| 504 |
|
|
|a Includes bibliographical references and index.
|
| 505 |
0 |
|
|a pt. 1. Theorizing solidarity -- pt. 2. Colonial and anti-colonial internationalisms -- pt. 3. Solidarity and Cold War geopolitics.
|
| 500 |
|
|
|a Electronic resource.
|
| 650 |
|
0 |
|a Solidarity.
|
| 650 |
|
0 |
|a Solidarity
|x History.
|
| 655 |
|
7 |
|a Electronic books.
|2 local
|
| 710 |
2 |
|
|a ebrary, Inc.
|
| 856 |
4 |
0 |
|u https://ebookcentral.proquest.com/lib/tamucs/detail.action?docID=959014
|y Connect to the full text of this electronic book
|t 0
|
| 980 |
|
|
|a 120828
|b 116.95
|c USD
|e 175.43
|f YBP_EBR0000041184
|g 1
|
| 999 |
f |
f |
|s 8d9527e3-0d99-3a7a-983f-2c941f9ef854
|i 789d1732-d1cb-3221-a9ee-9639fa7182e1
|t 0
|
| 999 |
|
|
|a MARS
|
| 952 |
f |
f |
|a Texas A&M University
|b College Station
|c Electronic Resources
|d Available Online
|t 0
|e HM717 .F43 2012eb
|h Library of Congress classification
|
| 998 |
f |
f |
|a HM717 .F43 2012eb
|t 0
|l Available Online
|